| 000 | 00423nam a22001457a 4500 | ||
|---|---|---|---|
| 082 | _aT-30 | ||
| 100 |
_aZahid Hussain _913333 |
||
| 245 |
_aEarly Prediction of 28 days strength of concrete based on non destructive techniques _cZahid Hussain |
||
| 260 |
_aRisalpur _bMCE _c7-4-1997 |
||
| 300 |
_a201p.: _c40cm. |
||
| 526 |
_a0 _b0 _c0 _dT_30 |
||
| 650 |
_aThesis _934811 |
||
| 700 |
_aShaheen Akhtar _948411 |
||
| 942 |
_2ddc _cBK |
||
| 999 |
_c551368 _d551368 |
||